| 000 | 01688nam a2200313 a 4500 | ||
|---|---|---|---|
| 999 |
_c390881 _d390881 |
||
| 003 | BLK | ||
| 005 | 20240816114922.0 | ||
| 008 | 201029b bu |||||r|||| 00| | bu d | ||
| 020 | _a978-954-27-2385-1 | ||
| 040 | _aBLK | ||
| 041 |
_aBUL _cBUL |
||
| 080 |
_aЗвезди и звездни системи. Вселена - Космически лъчи, междузвездно пространство, Галактика, Млечен път, космология, извънгалактически системи _b524 _z524 |
||
| 080 |
_aБъдеще на науката. Прогнози. Научно предвиждане _b001.18 _z001.18 |
||
| 100 |
_91299 _aДруян, Ан _eпърви автор |
||
| 139 |
_aДруян, Ан _bД 91 |
||
| 245 |
_aКосмос _bВъзможни светове _cАн Друян ; науч. ред. Владимир Божилов ; прев. от англ. Лили Илиева |
||
| 260 |
_9209434 _aСофия _bЕгмонт България _c2020 _n978-954-27- ; 954-446- |
||
| 300 |
_c23 см _a384 с. _bс ил., портр. |
||
| 380 | _a0 | ||
| 501 | _aОриг. загл., установено от доп. източник: Cosmos / Ann Druyan За авторката: с. 384 Азб. показалец | ||
| 700 |
_aИлиева, Лили Христова _d1956 - _qИлиева, Лилия Христова _9241658 |
||
| 700 |
_9695 _aБожилов, Владимир Веселинов _eнауч. ред. |
||
| 852 |
_aЦб 304523 _bЦб |
||
| 942 |
_cKNG _n0 _s1 _012 |
||
| 944 |
_aCR _c2020-10-29 _k30575 _lМартин Енчев |
||
| 944 |
_aED _c2020-11-21 _kК.Д. |
||
| 999 | _d390881 | ||
| 999 | _d390881 | ||